Magyar Pedagógia. - 100. évf. (2000) 3. sz.

Elmentve itt :
Bibliográfiai részletek
Dokumentumtípus: Folyóirat
Megjelent: 2000
Sorozat:Magyar pedagógia : a Magyar Tudományos Akadémia Pedagógiai Bizottságának folyóirata 100 No. 3
Online Access:http://misc.bibl.u-szeged.hu/18079
LEADER 00547nas a2200145 i 4500
001 misc18079
005 20191106140905.0
008 170616s2000 hu o 0|| zxx d
022 |a 0025-0260 
040 |a SZTE Miscellanea Repozitórium  |b hun 
041 |a zxx 
245 0 0 |a Magyar Pedagógia. - 100. évf. (2000) 3. sz.  |h [elektronikus dokumentum] 
260 |c 2000 
490 0 |a Magyar pedagógia : a Magyar Tudományos Akadémia Pedagógiai Bizottságának folyóirata  |v 100 No. 3 
856 4 0 |u http://misc.bibl.u-szeged.hu/18079/1/mp_2000_003.pdf  |z Dokumentum-elérés